000 00846nam a2200265 a 4500
001 34627
003 BD-RjUL
005 20211209052204.0
008 140518s1958 nyua b 001 0 eng
035 _a(BD-RjUL)34721
_a58-06076
040 _aDLC
_cCHS
_dBD-RjUL
_beng
041 _aeng
082 0 0 _a616.8
_bHOS 1958
100 1 _aHollingshead, August de Belmont.
_990423
245 1 0 _aSocial class and mental illness :
_ba community study /
_cAugust B. Hollingshead [and] Fredrick C. Redlich
260 _aNew York :
_bWiley,
_cc1958.
300 _aix, 442 p. :
_bill. ;
_c24 cm.
504 _aIncludes bibliography and index.
650 0 _aMental illness.
_9105340
650 0 _aSocial classes.
_9105341
650 0 _aSocial psychology.
_9105342
700 1 _aRedlich, Fredrick Carl,
_d1910-
_9105343
942 _2ddc
_cBK
999 _c34627
_d34627